| 000 | 00768nam a22002297a 4500 | ||
|---|---|---|---|
| 005 | 20231220114520.0 | ||
| 010 | _aENG-138631 ENG-138640 | ||
| 020 |
_a9789389740509 _c1995.00 |
||
| 020 |
_a9789389740493 _c795.00 |
||
| 035 | _aEN-122163 | ||
| 035 | _aEN-122172 | ||
| 037 | _bDBAD/PUB | ||
| 082 |
_a519.507 _21 |
||
| 100 |
_aSagar, J.Vidya _960011 |
||
| 245 |
_aMethods of Research and Statistics/ _cBy J.Vidya Sagar |
||
| 250 | _a1 | ||
| 260 |
_aNew Delhi _bNeelkamal Publications Pvt. Ltd _c2020 |
||
| 270 |
_a4761/1, 23, Ansari Road, Daryaganj _bNew Delhi _e110002 _mneelkamalbooks@gmail.com _k011-23244237 _k9811828953 |
||
| 300 |
_axxi+512p. _bIndex _c24cm(pbk) |
||
| 300 |
_axxi+512p. _bIndex _c25cm(hbk) |
||
| 942 |
_2ddc _cEN _h519.509 _mSAG _e1 |
||
| 999 |
_c199707 _d199707 |
||